[Event "NATO-ch 33rd"]
[Site "Portoroz"]
[Date "2023.09.07"]
[Round "5"]
[White "Kaygisiz, Ozgur Can"]
[Black "Tucker, David Sidney"]
[Result "1/2-1/2"]
[WhiteElo "1502"]
[BlackElo "1892"]
[PlyCount "35"]
[EventDate "2023.09.04"]
[EventType "swiss"]
[EventRounds "7"]
[EventCountry "SLO"]
[SourceTitle "EXT 2024"]
[Source "ChessBase"]
[SourceDate "2023.10.10"]
[SourceVersion "1"]
[SourceVersionDate "2023.10.10"]
[SourceQuality "1"]

1. e4 c5 2. Nf3 Nc6 3. d4 cxd4 4. Nxd4 g6 5. c4 Bg7 6. Be3 Nf6 7. Nc3 Ng4 8. Qxg4 Nxd4 9. Qd1 Ne6 10. Bd3 Qa5 11. Qd2 b6 12. 0-0 Bb7 13. a3 g5 14. b4 Qe5 15. Rac1 h6 16. Kh1 Rd8 17. Nd5 Qb8 18. Bb1 1/2-1/2

[Event "EU-chT Seniors 65"]
[Site "Swidnica"]
[Date "2023.07.12"]
[Round "1.7"]
[White "Tucker, David Sidney"]
[Black "Bachmann, Andreas"]
[Result "1/2-1/2"]
[WhiteElo "1898"]
[BlackElo "2189"]
[PlyCount "119"]
[EventDate "2023.07.12"]
[EventType "team-swiss"]
[EventRounds "9"]
[EventCountry "POL"]
[SourceTitle "CBM 215 Extra"]
[Source "ChessBase"]
[SourceDate "2023.09.30"]
[SourceVersion "1"]
[SourceVersionDate "2023.09.30"]
[SourceQuality "1"]
[WhiteTeam "England 65 III"]
[BlackTeam "Kreuzberg 65   "]
[WhiteTeamCountry "ENG"]
[BlackTeamCountry "GER"]

1. e4 c6 2. d4 d5 3. exd5 cxd5 4. Bd3 Nf6 5. Nf3 Bg4 6. c3 Nc6 7. Bf4 e6 8. Nbd2 Bd6 9. Bg3 0-0 10. 0-0 Bh5 11. Re1 Bxg3 12. hxg3 Qc7 13. Qc2 Bg6 14. Bxg6 hxg6 15. Qd3 Rfc8 16. Ne5 Nxe5 17. Rxe5 b5 18. a3 a5 19. Ree1 b4 20. axb4 axb4 21. Rxa8 Rxa8 22. cxb4 Qb6 23. Qc3 Rb8 24. Rc1 g5 25. Nf3 Ne4 26. Qa3 g4 27. Ne5 Qxd4 28. Nxg4 Qd2 29. Qe3 Qxe3 30. Nxe3 Rxb4 31. Nd1 f5 32. Kf1 Kf7 33. Ke1 Kf6 34. Ke2 g5 35. Rc2 d4 36. Kd3 Ke5 37. f4+ Kd5 38. Nf2 Rb3+ 39. Ke2 Nxg3+ 40. Kd2 gxf4 41. Nd3 Ne4+ 42. Ke2 e5 43. Rc8 Ng3+ 44. Kd2 Nf1+ 45. Ke2 Ng3+ 46. Kd2 Rb5 47. Rd8+ Ke6 48. Kc2 Nf1 49. Re8+ Kf6 50. b4 e4 51. Nxf4 Kf7 52. Rc8 Rxb4 53. Rc7+ Ke8 54. Rc5 Ne3+ 55. Kd2 Kf7 56. Rc7+ Kf6 57. Rc6+ Ke5 58. Ng6+ Kd5 59. Ne7+ Ke5 60. Ng6+ 1/2-1/2

[Event "BCF-chT4 2223 (4NCL)"]
[Site "England"]
[Date "2023.04.30"]
[Round "10.15"]
[White "Clancy, Martin J"]
[Black "Tucker, David Sidney"]
[Result "1/2-1/2"]
[WhiteElo "1812"]
[BlackElo "2000"]
[PlyCount "43"]
[EventDate "2022.11.05"]
[EventType "team-swiss"]
[EventRounds "11"]
[EventCountry "ENG"]
[SourceTitle "EXT 2024"]
[Source "ChessBase"]
[SourceDate "2023.10.10"]
[SourceVersion "1"]
[SourceVersionDate "2023.10.10"]
[SourceQuality "1"]
[WhiteTeam "Poole Patzers"]
[BlackTeam "War and Piece"]
[WhiteTeamCountry "ENG"]
[BlackTeamCountry "ENG"]

1. e4 c5 2. Nf3 Nc6 3. d4 cxd4 4. Nxd4 g6 5. c4 Bg7 6. Be3 Nf6 7. Nc3 Ng4 8. Nxc6 Nxe3 9. Nxd8 Nxd1 10. Nxd1 Kxd8 11. Rc1 b6 12. Bd3 d6 13. 0-0 Be6 14. Rc2 Rc8 15. Ne3 Kd7 16. h4 Rc7 17. Nd5 Bxd5 18. exd5 e6 19. Re2 Re8 20. c5 Ra8 21. cxd6 Kxd6 22. dxe6 1/2-1/2

[Event "UK Armed Forces-ch"]
[Site "Wittering"]
[Date "2023.04.17"]
[Round "7"]
[White "Wells, Daniel J"]
[Black "Tucker, David Sidney"]
[Result "1-0"]
[WhiteElo "2042"]
[BlackElo "2000"]
[PlyCount "57"]
[EventDate "2023.04.14"]
[EventType "swiss"]
[EventRounds "7"]
[EventCountry "ENG"]
[SourceTitle "EXT 2024"]
[Source "ChessBase"]
[SourceDate "2023.10.10"]
[SourceVersion "1"]
[SourceVersionDate "2023.10.10"]
[SourceQuality "1"]

1. e4 c5 2. Nf3 Nc6 3. Bb5 d6 4. Bxc6+ bxc6 5. 0-0 e5 6. c3 f5 7. d4 fxe4 8. Ng5 Be7 9. dxe5 d5 10. h4 h5 11. f3 Ba6 12. Re1 Bxg5 13. Bxg5 Qb6 14. fxe4 Ne7 15. Bxe7 Kxe7 16. exd5 cxd5 17. Nd2 Rad8 18. Nf3 d4 19. cxd4 cxd4 20. Qd2 d3+ 21. Kh1 Rh6 22. Qg5+ Kf8 23. e6 Kg8 24. e7 Re8 25. Qd5+ Kh8 26. Qf7 Bb5 27. Qf8+ Kh7 28. Ng5+ Kg6 29. Qf7# 1-0

[Event "UK Armed Forces-ch"]
[Site "Wittering"]
[Date "2023.04.15"]
[Round "3"]
[White "Officer, Paul"]
[Black "Tucker, David Sidney"]
[Result "1/2-1/2"]
[WhiteElo "1668"]
[BlackElo "2000"]
[PlyCount "69"]
[EventDate "2023.04.14"]
[EventType "swiss"]
[EventRounds "7"]
[EventCountry "ENG"]
[SourceTitle "EXT 2024"]
[Source "ChessBase"]
[SourceDate "2023.10.10"]
[SourceVersion "1"]
[SourceVersionDate "2023.10.10"]
[SourceQuality "1"]

1. e4 c5 2. Nf3 Nc6 3. d4 cxd4 4. Nxd4 g6 5. Nc3 Bg7 6. Be3 Nf6 7. Bc4 0-0 8. Bb3 a5 9. f3 d5 10. exd5 Nb4 11. 0-0 Nfxd5 12. Nxd5 Nxd5 13. Bxd5 Qxd5 14. c3 Rd8 15. Nb5 Qxd1 16. Raxd1 Bf5 17. Nd4 Bd7 18. Rd2 e5 19. Nb3 Bb5 20. Rfd1 Bf6 21. Nc5 Bc6 22. Ne4 Be7 23. Bg5 Bxg5 24. Nxg5 Re8 25. Ne4 Kg7 26. Rd6 f5 27. Nc5 Kf7 28. Kf2 Re7 29. R1d2 Rc8 30. Nb3 a4 31. Na5 e4 32. fxe4 Bxe4 33. R2d4 g5 34. Rxa4 Rce8 35. Rd2 1/2-1/2

[Event "ENG Chessable-ch Seniors 65+"]
[Site "Kenilworth"]
[Date "2022.05.06"]
[Round "3"]
[White "Spanton, Timothy"]
[Black "Tucker, David Sidney"]
[Result "1-0"]
[WhiteElo "1860"]
[BlackElo "1908"]
[PlyCount "57"]
[EventDate "2022.05.04"]
[EventType "swiss"]
[EventRounds "7"]
[EventCountry "ENG"]
[SourceTitle "CBM 208 Extra"]
[Source "ChessBase"]
[SourceDate "2022.07.31"]
[SourceVersion "1"]
[SourceVersionDate "2022.07.31"]
[SourceQuality "1"]

1. e4 c5 2. Nf3 Nc6 3. Bb5 e6 4. Bxc6 bxc6 5. 0-0 Ne7 6. d3 Ng6 7. e5 d5 8. exd6 Bxd6 9. Nc3 0-0 10. Ne4 Be7 11. Be3 f5 12. Nc3 f4 13. Bd2 e5 14. h3 Bf5 15. Re1 Bd6 16. Ne4 Bxe4 17. Rxe4 Rf5 18. Bc3 Qf6 19. Qe2 Re8 20. d4 cxd4 21. Nxd4 Rg5 22. Nf3 Rf5 23. Qc4+ Qe6 24. Qxc6 Rc8 25. Qa6 Qd7 26. Rd1 Rc6 27. Qe2 Qe6 28. Nd4 Qc8 29. Nf3 1-0

[Event "BCF-chT4S 1920 (4NCL)"]
[Site "England"]
[Date "2020.01.12"]
[Round "4.131"]
[White "Angelopoulos, Nicos"]
[Black "Tucker, David Sidney"]
[Result "1-0"]
[WhiteElo "1615"]
[BlackElo "1989"]
[PlyCount "99"]
[EventDate "2019.11.09"]
[EventType "team-swiss"]
[EventRounds "11"]
[EventCountry "ENG"]
[SourceTitle "EXT 2022"]
[Source "ChessBase"]
[SourceDate "2021.10.06"]
[SourceVersion "1"]
[SourceVersionDate "2021.10.06"]
[SourceQuality "1"]
[WhiteTeam "Barnet Knights III"]
[BlackTeam "War and Piece"]
[WhiteTeamCountry "ENG"]
[BlackTeamCountry "ENG"]

1. e4 c5 2. Nf3 Nc6 3. d4 cxd4 4. Nxd4 g6 5. c4 Bg7 6. Be3 Nf6 7. Nc3 Ng4 8. Qxg4 Nxd4 9. Qd1 Ne6 10. Qd2 Qa5 11. Nd1 Qxd2+ 12. Kxd2 b6 13. Nc3 Bb7 14. f3 0-0 15. Rc1 Rac8 16. b3 f5 17. Bd3 Nc5 18. Bb1 Bxc3+ 19. Kxc3 fxe4 20. b4 Ne6 21. fxe4 d5 22. exd5 Bxd5 23. Kb3 Bxg2 24. Rhg1 Bf3 25. h4 Ng7 26. Bg5 e5 27. Rge1 Rce8 28. Be4 Ne6 29. Rc3 Kg7 30. Ka4 Nxg5 31. hxg5 Bxe4 32. Rxe4 Rf5 33. c5 bxc5 34. bxc5 Rxg5 35. c6 h5 36. Kb5 Rf5 37. Rcc4 Rb8+ 38. Ka6 Rf7 39. c7 Rc8 40. Kb7 Rcxc7+ 41. Rxc7 Rxc7+ 42. Kxc7 Kf6 43. Kd6 g5 44. Rxe5 h4 45. Re8 g4 46. Rf8+ Kg5 47. Ke5 h3 48. Rg8+ Kh4 49. Kf4 Kh5 50. Rh8+ 1-0

[Event "BCF-chT4S 1920 (4NCL)"]
[Site "England"]
[Date "2020.01.11"]
[Round "3.41"]
[White "Tucker, David Sidney"]
[Black "Rudge, Jerry F"]
[Result "1-0"]
[WhiteElo "1989"]
[BlackElo "2110"]
[PlyCount "61"]
[EventDate "2019.11.09"]
[EventType "team-swiss"]
[EventRounds "11"]
[EventCountry "ENG"]
[SourceTitle "EXT 2022"]
[Source "ChessBase"]
[SourceDate "2021.10.06"]
[SourceVersion "1"]
[SourceVersionDate "2021.10.06"]
[SourceQuality "1"]
[WhiteTeam "War and Piece"]
[BlackTeam "Watford"]
[WhiteTeamCountry "ENG"]
[BlackTeamCountry "ENG"]

1. e4 c5 2. Nf3 e6 3. d4 cxd4 4. Nxd4 a6 5. Bd3 Nf6 6. c4 Qc7 7. Nc3 g6 8. 0-0 Bg7 9. Be3 d6 10. Rc1 0-0 11. h3 Nfd7 12. Qe2 Nc6 13. Nxc6 bxc6 14. Rfd1 Bb7 15. Rd2 f5 16. f4 e5 17. g3 Rae8 18. Qf1 Nf6 19. exf5 e4 20. Be2 gxf5 21. Rcd1 Rd8 22. Qf2 Qb8 23. Ba7 Qc8 24. Bb6 Qe6 25. Qe3 Rd7 26. Na4 Qe7 27. Kh2 Kh8 28. Nc5 dxc5 29. Bxc5 Qe8 30. Bxf8 Bxf8 31. Rxd7 1-0

[Event "BCF-chT4S 1920 (4NCL)"]
[Site "England"]
[Date "2019.11.10"]
[Round "2.203"]
[White "Tucker, David Sidney"]
[Black "Rasanen, Otto"]
[Result "1-0"]
[WhiteElo "1989"]
[BlackElo "1916"]
[PlyCount "111"]
[EventDate "2019.11.09"]
[EventType "team-swiss"]
[EventRounds "11"]
[EventCountry "ENG"]
[SourceTitle "EXT 2022"]
[Source "ChessBase"]
[SourceDate "2021.10.06"]
[SourceVersion "1"]
[SourceVersionDate "2021.10.06"]
[SourceQuality "1"]
[WhiteTeam "War and Piece"]
[BlackTeam "Oxford IV"]
[WhiteTeamCountry "ENG"]
[BlackTeamCountry "ENG"]

1. e4 c5 2. Nf3 e6 3. d4 cxd4 4. Nxd4 a6 5. g3 d5 6. e5 Nc6 7. Nxc6 bxc6 8. Bg2 Qc7 9. f4 Bc5 10. Nd2 a5 11. Nb3 Bb6 12. a4 Ba6 13. Bf1 Bxf1 14. Rxf1 Ne7 15. Qe2 Qa7 16. Bd2 h5 17. Rf3 Nf5 18. 0-0-0 Ke7 19. h3 c5 20. g4 Nh4 21. Rff1 c4 22. Na1 Qd7 23. f5 hxg4 24. Bg5+ Ke8 25. fxe6 Qxe6 26. hxg4 Ng6 27. Rde1 Rb8 28. Rf5 Ne7 29. Bxe7 Kxe7 30. Ref1 Rbf8 31. Qd2 Rh3 32. Qg5+ f6 33. Qxg7+ Rf7 34. exf6+ Kd6 35. Qg8 Re3 36. Rd1 Bd4 37. Qd8+ Kc6 38. Qxa5 Rb7 39. Rxd4 c3 40. Qa6+ Rb6 41. Qxb6+ Kxb6 42. bxc3 Rxc3 43. Rfxd5 Qe1+ 44. Kb2 Rf3 45. Nb3 Qc3+ 46. Kb1 Rf1+ 47. Rd1 Rf2 48. Rb5+ Ka7 49. Rd7+ Ka8 50. Rc5 Rf1+ 51. Ka2 Ra1+ 52. Nxa1 Qxc5 53. f7 Qc4+ 54. Kb2 Qc8 55. Re7 Qh8+ 56. Ka2 1-0

[Event "NATO-ch 30th"]
[Site "Berlin"]
[Date "2019.09.20"]
[Round "7.22"]
[White "Tucker, David Sidney"]
[Black "Schott, Guido"]
[Result "1/2-1/2"]
[WhiteElo "1997"]
[BlackElo "2043"]
[PlyCount "41"]
[EventDate "2019.09.14"]
[EventType "team-swiss"]
[EventRounds "7"]
[EventCountry "GER"]
[SourceTitle "EXT 2020"]
[Source "ChessBase"]
[SourceDate "2019.10.17"]
[SourceVersion "1"]
[SourceVersionDate "2019.10.17"]
[SourceQuality "1"]
[WhiteTeam "NATO V"]
[BlackTeam "NATO III"]

1. e4 c5 2. Nf3 g6 3. d4 cxd4 4. Qxd4 Nf6 5. Nc3 Nc6 6. Qa4 d6 7. e5 Ng4 8. Bb5 Ngxe5 9. Nxe5 dxe5 10. Bxc6+ bxc6 11. Qxc6+ Bd7 12. Qc5 Bg7 13. 0-0 0-0 14. Rd1 Qc8 15. Qxe7 Bf5 16. Be3 Re8 17. Qh4 Rb8 18. Ne4 Bxe4 19. Qxe4 Rxb2 20. Bc1 Rb3 21. Qxe5 1/2-1/2

[Event "NATO-ch 30th"]
[Site "Berlin"]
[Date "2019.09.19"]
[Round "5.32"]
[White "Ivbulis, Martins"]
[Black "Tucker, David Sidney"]
[Result "1/2-1/2"]
[WhiteElo "1795"]
[BlackElo "1997"]
[PlyCount "104"]
[EventDate "2019.09.14"]
[EventType "team-swiss"]
[EventRounds "7"]
[EventCountry "GER"]
[SourceTitle "EXT 2020"]
[Source "ChessBase"]
[SourceDate "2019.10.17"]
[SourceVersion "1"]
[SourceVersionDate "2019.10.17"]
[SourceQuality "1"]
[WhiteTeam "Latvia"]
[BlackTeam "NATO V"]
[WhiteTeamCountry "LAT"]

1. d4 c5 2. d5 Nf6 3. Nc3 d6 4. e4 g6 5. f4 Bg7 6. Nf3 0-0 7. Bc4 b5 8. Bxb5 Nxe4 9. Nxe4 Qa5+ 10. Nc3 Bxc3+ 11. bxc3 Qxb5 12. Qd3 Ba6 13. Qxb5 Bxb5 14. Nd2 Nd7 15. a4 Ba6 16. a5 Rfe8 17. Kf2 e6 18. c4 exd5 19. cxd5 Re2+ 20. Kf3 Rae8 21. Ra3 f5 22. h3 Nf6 23. c4 h5 24. Rd1 Re1 25. Rxe1 Rxe1 26. Bb2 Ne4 27. Nxe4 Rxe4 28. Rb3 Bxc4 29. Rb8+ Kf7 30. Rd8 Ke7 31. Ra8 Bxd5 32. Rxa7+ Kd8 33. Kg3 Rb4 34. Bh8 Rb7 35. Ra8+ Kd7 36. Kh4 Rc7 37. Rf8 c4 38. Bc3 Bxg2 39. Kg5 Bxh3 40. a6 Rc8 41. Rf7+ Ke8 42. Rh7 Bg2 43. Kxg6 Ra8 44. a7 h4 45. Kxf5 h3 46. Ke6 Kd8 47. Bf6+ Kc8 48. Kxd6 Rxa7 49. Rxa7 h2 50. Rc7+ Kb8 51. Rh7 h1Q 52. Rxh1 Bxh1 1/2-1/2

[Event "BCF-chT4S 1819 (4NCL)"]
[Site "England"]
[Date "2019.05.06"]
[Round "11.62"]
[White "Tucker, David Sidney"]
[Black "Ireland, David J"]
[Result "1-0"]
[WhiteElo "1980"]
[BlackElo "2027"]
[PlyCount "93"]
[EventDate "2018.11.17"]
[EventType "team-swiss"]
[EventRounds "11"]
[EventCountry "ENG"]
[SourceTitle "EXT 2021"]
[Source "ChessBase"]
[SourceDate "2020.10.23"]
[SourceVersion "1"]
[SourceVersionDate "2020.10.23"]
[SourceQuality "1"]
[WhiteTeam "Check Innmates II"]
[BlackTeam "Throw in the Tal"]
[WhiteTeamCountry "ENG"]
[BlackTeamCountry "ENG"]

1. e4 e5 2. Nf3 Nf6 3. Nxe5 Nxe4 4. Qe2 Qe7 5. Qxe4 d6 6. d4 dxe5 7. dxe5 Nc6 8. Bb5 Bd7 9. Nc3 Qb4 10. Qxb4 Bxb4 11. Bxc6 Bxc6 12. 0-0 0-0-0 13. Bg5 f6 14. exf6 gxf6 15. Be3 Rdg8 16. f3 h5 17. Rad1 Rg6 18. Nd5 Bd6 19. c4 Rhg8 20. Rf2 Re8 21. Bd4 Be5 22. Bxe5 Rxe5 23. Rfd2 b6 24. Kf2 Kb7 25. Nb4 Reg5 26. g3 h4 27. Nxc6 hxg3+ 28. hxg3 Kxc6 29. Rg1 Rh6 30. f4 Rg7 31. Rg2 Rh1 32. g4 Kc5 33. b3 c6 34. Kg3 a5 35. Rh2 Rg1+ 36. Rdg2 Rxg2+ 37. Rxg2 a4 38. f5 axb3 39. axb3 Kb4 40. Rd2 Kxb3 41. Rd6 Rc7 42. Rxf6 Kxc4 43. g5 Kd5 44. Kf4 Ra7 45. g6 Ra1 46. g7 Rf1+ 47. Ke3 1-0

[Event "ENG-ch Seniors 65"]
[Site "Solihull"]
[Date "2019.04.05"]
[Round "2"]
[White "Mildenhall, John"]
[Black "Tucker, David Sidney"]
[Result "1/2-1/2"]
[WhiteElo "1933"]
[BlackElo "1980"]
[PlyCount "59"]
[EventDate "2019.04.04"]
[EventType "swiss"]
[EventRounds "6"]
[EventCountry "ENG"]
[SourceTitle "CBM 190 Extra"]
[Source "ChessBase"]
[SourceDate "2019.07.15"]
[SourceVersion "1"]
[SourceVersionDate "2019.07.15"]
[SourceQuality "1"]

1. e4 c5 2. Nf3 Nc6 3. d4 cxd4 4. Nxd4 g6 5. Nxc6 bxc6 6. Qd4 Nf6 7. e5 Ng8 8. e6 Nf6 9. exd7+ Bxd7 10. Be2 Bg7 11. c3 0-0 12. Qh4 Qb6 13. Nd2 Be6 14. 0-0 Rfe8 15. Nc4 Bxc4 16. Bxc4 a5 17. Rb1 a4 18. Be3 Qc7 19. Rfd1 Ra5 20. Qg3 Qxg3 21. hxg3 Nd5 22. Bxd5 cxd5 23. Rd3 Rb8 24. b4 axb3 25. axb3 Rab5 26. b4 e5 27. Rbd1 d4 28. cxd4 exd4 29. Bxd4 Bxd4 30. Rxd4 1/2-1/2

[Event "BCF-chT4S 1819 (4NCL)"]
[Site "England"]
[Date "2019.01.13"]
[Round "4.61"]
[White "Tucker, David Sidney"]
[Black "Smith, Olivia"]
[Result "1/2-1/2"]
[WhiteElo "1980"]
[BlackElo "2110"]
[PlyCount "119"]
[EventDate "2018.11.17"]
[EventType "team-swiss"]
[EventRounds "11"]
[EventCountry "ENG"]
[SourceTitle "EXT 2021"]
[Source "ChessBase"]
[SourceDate "2020.10.23"]
[SourceVersion "1"]
[SourceVersionDate "2020.10.23"]
[SourceQuality "1"]
[WhiteTeam "Check Innmates II"]
[BlackTeam "Fischer's Catch"]
[WhiteTeamCountry "ENG"]
[BlackTeamCountry "WLS"]

1. e4 d5 2. exd5 Nf6 3. Bb5+ Bd7 4. Be2 Nxd5 5. d4 e6 6. Nf3 Nc6 7. 0-0 h6 8. c4 Nb6 9. Nc3 g5 10. d5 exd5 11. cxd5 Ne7 12. Qd4 Rg8 13. Bd3 Bg7 14. Qc5 Na4 15. Nxa4 Bxa4 16. Bb5+ Bxb5 17. Qxb5+ Qd7 18. Qxb7 Qxd5 19. Qxd5 Nxd5 20. Rb1 0-0-0 21. h3 Rge8 22. Bd2 Re4 23. Rfe1 Rde8 24. Kf1 Kb7 25. Rbd1 c6 26. b3 f5 27. Rxe4 fxe4 28. Ne1 Re7 29. Nc2 Nf4 30. Bb4 Rf7 31. Bc5 Nd3 32. Be3 Be5 33. Ne1 Nb4 34. a3 Nd5 35. Nc2 Bg3 36. Rd2 a6 37. Kg1 Bf4 38. Rd4 Re7 39. Rc4 Nxe3 40. Nxe3 Re6 41. Kf1 Bc7 42. Ke2 Bb6 43. Nd1 Re5 44. Ne3 Kc7 45. a4 Kd7 46. Ng4 Re6 47. Rb4 Bc7 48. Rd4+ Ke7 49. Ne3 h5 50. Nf5+ Kf6 51. Ng3 Bxg3 52. fxg3 Kf5 53. Ke3 c5 54. Rd5+ Re5 55. Rd6 Re7 56. a5 Rb7 57. Rd5+ Kf6 58. Rxc5 Rxb3+ 59. Kxe4 Rxg3 60. Rc6+ 1/2-1/2

[Event "NATO-ch 29th"]
[Site "Lubbock"]
[Date "2018.06.08"]
[Round "7"]
[White "Tucker, David Sidney"]
[Black "Coulon, Dominic"]
[Result "1-0"]
[WhiteElo "1997"]
[BlackElo "1679"]
[PlyCount "55"]
[EventDate "2018.06.04"]
[EventType "swiss"]
[EventRounds "7"]
[EventCountry "USA"]
[SourceTitle "EXT 2019"]
[Source "ChessBase"]
[SourceDate "2018.10.10"]
[SourceVersion "1"]
[SourceVersionDate "2018.10.10"]
[SourceQuality "1"]

1. e4 Nc6 2. Nf3 f5 3. e5 d6 4. Bb5 dxe5 5. Bxc6+ bxc6 6. Nxe5 Qd5 7. Nf3 Nf6 8. Nc3 Qd6 9. Qe2 g6 10. 0-0 Bg7 11. Re1 h6 12. d4 e6 13. Qc4 Nd5 14. Ne5 Bxe5 15. Rxe5 Bd7 16. a3 Kf7 17. Na4 Nb6 18. Nxb6 cxb6 19. Bf4 Qf8 20. Rae1 Re8 21. Qa6 g5 22. Qxa7 Re7 23. Bd2 Qb8 24. Qa6 Bc8 25. Qc4 c5 26. Bc3 cxd4 27. Bxd4 Rhe8 28. Rxf5+ 1-0

[Event "NATO-ch 29th"]
[Site "Lubbock"]
[Date "2018.06.06"]
[Round "4"]
[White "Sypien, Mateusz"]
[Black "Tucker, David Sidney"]
[Result "1-0"]
[WhiteElo "2248"]
[BlackElo "1997"]
[PlyCount "103"]
[EventDate "2018.06.04"]
[EventType "swiss"]
[EventRounds "7"]
[EventCountry "USA"]
[SourceTitle "EXT 2019"]
[Source "ChessBase"]
[SourceDate "2018.10.10"]
[SourceVersion "1"]
[SourceVersionDate "2018.10.10"]
[SourceQuality "1"]

1. e4 c5 2. Nf3 Nc6 3. d4 cxd4 4. Nxd4 g6 5. c4 Bg7 6. Be3 Nf6 7. Nc3 Ng4 8. Qxg4 Nxd4 9. Qd1 e5 10. Bd3 0-0 11. 0-0 b6 12. Qd2 Bb7 13. Rad1 Qe7 14. f3 h5 15. Ne2 Ne6 16. Bc2 Rfd8 17. b4 Rac8 18. Bb3 d6 19. Nc3 Bc6 20. Rfe1 Kh7 21. Nd5 Qf8 22. Qc1 Bxd5 23. exd5 Nd4 24. Qb1 Rc7 25. f4 Nf5 26. Bc1 exf4 27. Bxf4 Bc3 28. Bd2 Bd4+ 29. Kh1 Re8 30. Qd3 Rxe1+ 31. Rxe1 Re7 32. Rf1 Qg7 33. Bg5 f6 34. Bd2 Be5 35. Bd1 h4 36. Qh3 Kg8 37. Bg4 Nd4 38. Qxh4 f5 39. Bd1 Qf8 40. Qg5 Rg7 41. Re1 Bf6 42. Qg3 Be5 43. Bf4 Qf6 44. Rxe5 dxe5 45. Bxe5 f4 46. Bxf6 fxg3 47. Bxg7 Kxg7 48. hxg3 Nf5 49. Kg1 Nxg3 50. Kf2 Ne4+ 51. Ke3 Nd6 52. c5 1-0

[Event "NATO-ch 29th"]
[Site "Lubbock"]
[Date "2018.06.05"]
[Round "3"]
[White "Tucker, David Sidney"]
[Black "Tremblay, Mario"]
[Result "1-0"]
[WhiteElo "1997"]
[BlackElo "1636"]
[PlyCount "67"]
[EventDate "2018.06.04"]
[EventType "swiss"]
[EventRounds "7"]
[EventCountry "USA"]
[SourceTitle "EXT 2019"]
[Source "ChessBase"]
[SourceDate "2018.10.10"]
[SourceVersion "1"]
[SourceVersionDate "2018.10.10"]
[SourceQuality "1"]

1. e4 e5 2. Nf3 Nc6 3. Bb5 f5 4. d3 Nf6 5. 0-0 Bc5 6. Nc3 0-0 7. Bc4+ Kh8 8. Ng5 Qe7 9. exf5 h6 10. Nge4 Bb6 11. a4 d6 12. Be3 Bxf5 13. Nxf6 Qxf6 14. Nd5 Qg6 15. Kh1 a6 16. Nxb6 cxb6 17. Bd5 e4 18. dxe4 Bxe4 19. Bxe4 Qxe4 20. Bxb6 Rf6 21. Qd2 Rg6 22. f3 Qe5 23. c3 Rf8 24. Rae1 Qh5 25. Bd4 Nd8 26. Re7 Ne6 27. Be3 Qa5 28. Rxb7 Rf5 29. Rb4 Qc7 30. Qd3 Rff6 31. a5 Qf7 32. Qxa6 Ng5 33. Rb8+ Kh7 34. Qc8 1-0

[Event "NATO-ch 29th"]
[Site "Lubbock"]
[Date "2018.06.04"]
[Round "1"]
[White "Tucker, David Sidney"]
[Black "Bobula, Mateusz"]
[Result "0-1"]
[WhiteElo "1997"]
[BlackElo "2347"]
[PlyCount "88"]
[EventDate "2018.06.04"]
[EventType "swiss"]
[EventRounds "7"]
[EventCountry "USA"]
[SourceTitle "EXT 2019"]
[Source "ChessBase"]
[SourceDate "2018.10.10"]
[SourceVersion "1"]
[SourceVersionDate "2018.10.10"]
[SourceQuality "1"]

1. e4 e6 2. d4 d5 3. Nd2 c5 4. Ngf3 Nf6 5. Bb5+ Bd7 6. Bxd7+ Nbxd7 7. exd5 exd5 8. 0-0 Be7 9. dxc5 Nxc5 10. Nb3 Nce4 11. Be3 0-0 12. h3 Re8 13. Re1 Bd6 14. c3 Qd7 15. Qc2 a6 16. Rad1 Rac8 17. Bd4 Bb8 18. Bxf6 Nxf6 19. Rxe8+ Qxe8 20. Qd3 Qa4 21. Qb1 Re8 22. Rd4 Qc6 23. Rd1 h6 24. Nbd4 Qc7 25. Re1 Re4 26. Qd1 g6 27. a3 Kg7 28. Kf1 Ba7 29. Qd3 Bxd4 30. cxd4 Rxe1+ 31. Nxe1 Ne4 32. Qc2 Qc4+ 33. Qxc4 dxc4 34. Ke2 Kf6 35. Nc2 Ke6 36. Ke3 Nd6 37. g4 a5 38. f4 b5 39. Ne1 Kd5 40. Nf3 b4 41. axb4 axb4 42. Ne5 b3 43. h4 c3 44. bxc3 b2 0-1

[Event "BCF-chT4S 1718 (4NCL)"]
[Site "England"]
[Date "2018.01.14"]
[Round "4.42"]
[White "De Coverly, Roger D"]
[Black "Tucker, David Sidney"]
[Result "1/2-1/2"]
[WhiteElo "1917"]
[BlackElo "1981"]
[PlyCount "60"]
[EventDate "2017.11.11"]
[EventType "team-swiss"]
[EventRounds "11"]
[EventCountry "ENG"]
[SourceTitle "EXT 2020"]
[Source "ChessBase"]
[SourceDate "2019.10.17"]
[SourceVersion "1"]
[SourceVersionDate "2019.10.17"]
[SourceQuality "1"]
[WhiteTeam "Wessex II"]
[BlackTeam "Brown Jack II"]
[WhiteTeamCountry "ENG"]
[BlackTeamCountry "ENG"]

1. e4 c5 2. Nf3 Nc6 3. g3 e6 4. d3 d5 5. Nbd2 Nf6 6. Bg2 Be7 7. 0-0 dxe4 8. dxe4 e5 9. c3 0-0 10. Qe2 Qc7 11. a4 b6 12. Re1 a5 13. Nc4 Ba6 14. Bg5 h6 15. Bxf6 Bxf6 16. Nfd2 Rad8 17. Nf1 Ne7 18. Nfe3 Bg5 19. Qc2 Bxe3 20. Nxe3 Bd3 21. Qc1 c4 22. Nd5 Nxd5 23. exd5 e4 24. Bxe4 Bxe4 25. Rxe4 Rxd5 26. Qf1 Rc8 27. Qe2 Qc6 28. Re1 Qxa4 29. b3 Qd7 30. bxc4 Rd2 1/2-1/2